Zápor má mať vo vete správne miesto

Bibliographic Details
Main Author: Kačala, Ján, 1937- (Author)
Format: Article
Language:Slovak
Subjects:

MARC

LEADER 00000nab a2200000 a 4500
001 vtls000454820
003 SK-MaSNL
005 20260303191047.0
008 230120c1992 xo 0 slo
015 |a SNBRB19rr/mm-uuuuu 
035 |a CL0454951 
035 |a urn:nbn:sk:snk-ab1kth 
035 |a (urnnbn)urn:nbn:sk:snk:ar-004byn 
035 |a (uuid)ebbb443e-0420-4e17-89f6-97d1615be749 
040 |a SNKBUCL  |b slo  |c SNKBUCL  |e AACR2 
041 0 |a slo 
044 |a xo  |c SK 
080 |a 801.56:808.54  |2 1981 
080 |a 808.54  |2 1981 
100 1 |a Kačala, Ján,  |d 1937-  |4 aut  |9 89383 
245 1 0 |a Zápor má mať vo vete správne miesto  |c Ján Kačala 
650 0 7 |a slovenčina  |2 snkbucl  |9 1350 
650 0 7 |a syntax  |2 snkbucl  |9 1352 
650 0 7 |a veta  |2 snkbucl  |9 28897 
655 7 |a články z novín a časopisov  |2 snkbucl  |9 267496 
773 0 |t Kultúra slova  |g Roč. 26, č. 2 (1992), s. 61-63 
850 |a Slovenská národná knižnica v Martine  |a MTA001 
852 |a SNK  |b KIS3GCP 
954 |a odborná, vedecká literatúra pôvodná (slovenská)  |2 lita 
958 |a OND 
958 |a RK 
958 |a EUIPO 
958 |a article27 
992 |a RBX 
999 |c 2139306  |d 2141236